[Event "Catalunya-chT GpA final"]
[Site "Barcelona"]
[Date "2017.03.18"]
[Round "2.3"]
[White "Comas Fabrego, Luis"]
[Black "Akbarinia, Sayed Arash"]
[Result "1-0"]
[WhiteElo "2484"]
[BlackElo "2391"]
[PlyCount "99"]
[EventDate "2017.03.11"]
[EventType "team-tourn"]
[EventRounds "11"]
[EventCountry "ESP"]
[SourceTitle "CBM 177 Extra"]
[Source "ChessBase"]
[SourceDate "2017.04.27"]
[SourceVersion "1"]
[SourceVersionDate "2017.04.27"]
[SourceQuality "1"]
[WhiteTeam "Colon Sabadell"]
[BlackTeam "Sant Andreu"]
[WhiteTeamCountry "ESP"]
[BlackTeamCountry "ESP"]

1. d4 d5 2. c4 e6 3. Nc3 c6 4. e3 Nd7 5. Bd3 Ngf6 6. Nf3 dxc4 7. Bxc4 b5 8. Be2 a6 9. 0-0 Bb7 10. e4 c5 11. e5 Nd5 12. a4 Nxc3 13. bxc3 c4 14. Bg5 Qc7 15. Nd2 Nb6 16. axb5 axb5 17. Rxa8+ Bxa8 18. Bf3 Nd5 19. Qa1 Bc6 20. Ne4 h6 21. Bh4 Qb7 22. Qa5 g5 23. Bg3 Be7 24. Nd6+ Bxd6 25. exd6 Kd7 26. Ra1 f6 27. Bxd5 Bxd5 28. f3 Rc8 29. Qb4 Bc6 30. Ra5 Ra8 31. Qa3 Rxa5 32. Qxa5 h5 33. h4 g4 34. fxg4 hxg4 35. h5 Bxg2 36. h6 Be4 37. Kf2 Bd3 38. Qc7+ Qxc7 39. dxc7 Bf5 40. Ke3 Bh7 41. Bd6 Bg6 42. Kd2 Kc8 43. Kc1 b4 44. cxb4 c3 45. b5 Kb7 46. b6 Kc8 47. Bf4 Bd3 48. Kd1 Bh7 49. Ke2 Kb7 50. Kf2 1-0

[Event "Barcelona Sants op-A18th"]
[Site "Barcelona"]
[Date "2016.08.26"]
[Round "8"]
[White "Comas Fabrego, Luis"]
[Black "Fernandez, Maria Florencia"]
[Result "1/2-1/2"]
[WhiteElo "2507"]
[BlackElo "2231"]
[PlyCount "41"]
[EventDate "2016.08.19"]
[EventType "swiss"]
[EventRounds "10"]
[EventCountry "ESP"]
[SourceTitle "CBM 174 Extra"]
[Source "ChessBase"]
[SourceDate "2016.10.10"]
[SourceVersion "1"]
[SourceVersionDate "2016.10.10"]
[SourceQuality "1"]

1. d4 Nf6 2. c4 g6 3. Nc3 Bg7 4. Nf3 0-0 5. Bg5 h6 6. Bh4 d6 7. h3 c5 8. e3 Nc6 9. Be2 cxd4 10. Nxd4 Nxd4 11. exd4 Be6 12. d5 Bf5 13. g4 Bd7 14. 0-0 a6 15. Re1 Rc8 16. a4 Qb6 17. Ra3 Qc5 18. Kg2 e6 19. f3 exd5 20. cxd5 Qa5 21. Bf2 1/2-1/2

[Event "Barcelona Sants op 16th"]
[Site "Barcelona"]
[Date "2014.08.31"]
[Round "10"]
[White "Oliva Castaneda, Kevel"]
[Black "Comas Fabrego, Luis"]
[Result "1-0"]
[WhiteElo "2446"]
[BlackElo "2508"]
[PlyCount "77"]
[EventDate "2014.08.22"]
[EventType "swiss"]
[EventRounds "10"]
[EventCountry "ESP"]
[SourceTitle "CBM 162 Extra"]
[Source "ChessBase"]
[SourceDate "2014.10.17"]
[SourceVersion "1"]
[SourceVersionDate "2014.10.17"]
[SourceQuality "1"]

1. Nf3 Nf6 2. c4 g6 3. Nc3 Bg7 4. e4 d6 5. d4 0-0 6. Be2 Nbd7 7. 0-0 e5 8. Be3 Re8 9. d5 Nh5 10. g3 Bf8 11. Ne1 Ng7 12. Nd3 f5 13. f3 Be7 14. Qd2 Nf6 15. b4 fxe4 16. fxe4 Bh3 17. Rfc1 Ng4 18. Bxg4 Bxg4 19. c5 Rf8 20. Nf2 Bf3 21. Nb5 a6 22. cxd6 Bxd6 23. Nxd6 cxd6 24. Rc3 Qd7 25. Rac1 Rac8 26. Bh6 Rxc3 27. Rxc3 Qb5 28. Rc7 Rf7 29. Qc3 Qe2 30. Rd7 Ne8 31. Rd8 Re7 32. Bg5 Kf7 33. Bxe7 Kxe7 34. Rb8 Bxe4 35. Rxb7+ Kd8 36. b5 Bxd5 37. Qa5+ Kc8 38. Re7 Qxb5 39. Qxb5 1-0

[Event "Barcelona Sants op 16th"]
[Site "Barcelona"]
[Date "2014.08.28"]
[Round "7"]
[White "Comas Fabrego, Luis"]
[Black "Cori, Jorge Moise"]
[Result "1-0"]
[WhiteElo "2508"]
[BlackElo "2549"]
[PlyCount "95"]
[EventDate "2014.08.22"]
[EventType "swiss"]
[EventRounds "10"]
[EventCountry "ESP"]
[SourceTitle "CBM 162 Extra"]
[Source "ChessBase"]
[SourceDate "2014.10.17"]
[SourceVersion "1"]
[SourceVersionDate "2014.10.17"]
[SourceQuality "1"]

1. e4 c5 2. Nf3 e6 3. Nc3 Nc6 4. d4 cxd4 5. Nxd4 Qc7 6. Be2 a6 7. 0-0 Nf6 8. Be3 Bb4 9. Nxc6 bxc6 10. f4 d5 11. e5 Nd7 12. Na4 0-0 13. c4 f6 14. exf6 Nxf6 15. c5 Ba5 16. Rc1 Rb8 17. a3 Qd8 18. Nb6 Nd7 19. Qa4 Bxb6 20. cxb6 c5 21. Bxc5 Nxc5 22. Rxc5 Qxb6 23. b4 Bb7 24. Qa5 Qd6 25. Qc7 Qxc7 26. Rxc7 Rf7 27. Rxf7 Kxf7 28. Rc1 Rc8 29. Rxc8 Bxc8 30. Kf2 Kf6 31. Bd3 h6 32. Ke3 e5 33. fxe5+ Kxe5 34. g3 Bb7 35. Bf1 Bc8 36. Bd3 Bb7 37. a4 Bc8 38. a5 Bb7 39. Bf1 Bc8 40. Bd3 Bb7 41. b5 d4+ 42. Kf2 axb5 43. Bxb5 Kd6 44. a6 Bc8 45. a7 Bb7 46. Be2 Kc7 47. Bf3 Kb6 48. a8Q 1-0

[Event "Andorra op 32nd"]
[Site "La Massana"]
[Date "2014.07.27"]
[Round "9"]
[White "Navrotescu, Catalin"]
[Black "Comas Fabrego, Luis"]
[Result "0-1"]
[WhiteElo "2415"]
[BlackElo "2512"]
[PlyCount "134"]
[EventDate "2014.07.19"]
[EventType "swiss"]
[EventRounds "9"]
[EventCountry "AND"]
[SourceTitle "CBM 161 Extra"]
[Source "ChessBase"]
[SourceDate "2014.08.29"]
[SourceVersion "1"]
[SourceVersionDate "2014.08.29"]
[SourceQuality "1"]

1. c4 c5 2. g3 g6 3. Bg2 Bg7 4. Nc3 Nc6 5. a3 d6 6. Rb1 a5 7. Nf3 e5 8. 0-0 Nge7 9. d3 0-0 10. Ne1 Be6 11. Nc2 d5 12. cxd5 Nxd5 13. Ne3 Nde7 14. Nc4 Rb8 15. Be3 b6 16. Qa4 Nd4 17. Bxd4 exd4 18. Nb5 Nd5 19. Qc2 Qd7 20. a4 Bh3 21. e4 dxe3 22. fxe3 Bg4 23. Qf2 Nb4 24. d4 cxd4 25. exd4 Bf5 26. Rbd1 Bc2 27. Rd2 Bxa4 28. Nc3 Bb3 29. Ne5 Qd8 30. Qf4 Qe7 31. Re1 Rbe8 32. Ree2 Qd8 33. d5 Qd6 34. Nc6 Qc5+ 35. Qf2 Bh6 36. Rxe8 Rxe8 37. Qxc5 bxc5 38. Re2 Rxe2 39. Nxe2 Bf8 40. Nxa5 Bxd5 41. Bxd5 Nxd5 42. Kf2 Kg7 43. Kf3 Kf6 44. Nc3 Nxc3 45. bxc3 Ke6 46. c4 h5 47. Nb3 Ke5 48. h3 f6 49. Ke3 g5 50. g4 hxg4 51. hxg4 f5 52. gxf5 Kxf5 53. Nc1 Bd6 54. Nd3 g4 55. Ke2 Ke4 56. Nf2+ Kf4 57. Nd3+ Kg3 58. Nf2 Be7 59. Ke3 Bg5+ 60. Ke2 Bh6 61. Ne4+ Kh3 62. Nf2+ Kh4 63. Ne4 Bf8 64. Ke3 Kh3 65. Nf2+ Kg3 66. Ne4+ Kh2 67. Kf2 Be7 0-1

[Event "Catalunya-chT"]
[Site "Catalunya"]
[Date "2014.04.05"]
[Round "11.1"]
[White "Comas Fabrego, Luis"]
[Black "Aloma Vidal, Roberto"]
[Result "1-0"]
[WhiteElo "2512"]
[BlackElo "2416"]
[PlyCount "61"]
[EventDate "2014.01.25"]
[EventType "team"]
[EventRounds "11"]
[EventCountry "ESP"]
[SourceTitle "EXT 2015"]
[Source "ChessBase"]
[SourceDate "2014.11.20"]
[SourceVersion "1"]
[SourceVersionDate "2014.11.20"]
[SourceQuality "1"]
[WhiteTeam "Colon Sabadell"]
[BlackTeam "Barcelona Uga"]
[WhiteTeamCountry "ESP"]
[BlackTeamCountry "ESP"]

1. e4 c5 2. Nf3 d6 3. d4 cxd4 4. Nxd4 Nf6 5. Nc3 a6 6. Bc4 e6 7. 0-0 b5 8. Bb3 Qb6 9. Re1 Nbd7 10. a4 b4 11. a5 Qb7 12. Nd5 exd5 13. exd5+ Ne5 14. f4 Bg4 15. fxe5 Bxd1 16. exf6+ Kd7 17. Rxd1 Kc7 18. Ra4 Re8 19. c3 bxc3 20. Rc4+ Kb8 21. bxc3 gxf6 22. Rb4 Qxb4 23. cxb4 Rg8 24. Bc4 Kb7 25. b5 axb5 26. Bxb5 Re4 27. a6+ Kb6 28. Bd3 Re8 29. Nf5 Rg4 30. Be3+ Ka5 31. Rb1 1-0

[Event "Catalunya-chT"]
[Site "Catalunya"]
[Date "2014.03.29"]
[Round "10.1"]
[White "Comas Fabrego, Luis"]
[Black "Alonso Moyano, Jonathan"]
[Result "1/2-1/2"]
[WhiteElo "2512"]
[BlackElo "2402"]
[PlyCount "130"]
[EventDate "2014.01.25"]
[EventType "team"]
[EventRounds "11"]
[EventCountry "ESP"]
[SourceTitle "EXT 2015"]
[Source "ChessBase"]
[SourceDate "2014.11.20"]
[SourceVersion "1"]
[SourceVersionDate "2014.11.20"]
[SourceQuality "1"]
[WhiteTeam "Colon Sabadell"]
[BlackTeam "Barbera"]
[WhiteTeamCountry "ESP"]
[BlackTeamCountry "ESP"]

1. d4 d5 2. c4 c6 3. Nf3 Nf6 4. Nc3 dxc4 5. a4 Bf5 6. e3 e6 7. Bxc4 Bb4 8. 0-0 0-0 9. Nh4 Nbd7 10. Nxf5 exf5 11. Qc2 Nb6 12. Bb3 Qd7 13. Bd2 a5 14. Rad1 Rfe8 15. Bc1 Nbd5 16. Qd3 Re7 17. Bd2 Rae8 18. Rc1 Bxc3 19. bxc3 Ne4 20. Rb1 Nxd2 21. Qxd2 f4 22. exf4 Re2 23. Qc1 b5 24. Bxd5 Qxd5 25. axb5 cxb5 26. Qa3 a4 27. Qb4 Rc2 28. Qxb5 Qxb5 29. Rxb5 Rxc3 30. g3 Rd3 31. Ra5 Rxd4 32. Ra1 g6 33. R5xa4 Rxa4 34. Rxa4 Kg7 35. Ra5 Re4 36. Kg2 Rb4 37. h4 h6 38. h5 gxh5 39. Rxh5 Ra4 40. Rb5 Rc4 41. Rf5 Kg6 42. g4 Ra4 43. Kg3 Rb4 44. Ra5 Rc4 45. Ra6+ Kg7 46. Ra5 Rb4 47. f3 Rc4 48. Ra6 Rb4 49. Rc6 Ra4 50. Rb6 Rc4 51. Rb3 Ra4 52. Rc3 Rb4 53. Rc6 Ra4 54. g5 hxg5 55. fxg5 Rb4 56. f4 Rb3+ 57. Kg4 Rb4 58. Rc5 Kg6 59. Rd5 Ra4 60. Rd6+ Kg7 61. Kf5 Ra1 62. Rd4 Rg1 63. Ke5 Rg2 64. Re4 Rg1 65. Ra4 Rg2 1/2-1/2

[Event "Andorra op 30th"]
[Site "La Massana"]
[Date "2012.07.25"]
[Round "5"]
[White "Comas Fabrego, Luis"]
[Black "Illescas Cordoba, Miguel Angel"]
[Result "0-1"]
[WhiteElo "2514"]
[BlackElo "2601"]
[PlyCount "56"]
[EventDate "2012.07.21"]
[EventType "swiss"]
[EventRounds "9"]
[EventCountry "AND"]
[SourceTitle "CBM 149 Extra"]
[Source "ChessBase"]
[SourceDate "2012.08.24"]
[SourceVersion "1"]
[SourceVersionDate "2012.08.24"]
[SourceQuality "1"]

1. d4 Nf6 2. Nf3 e6 3. e3 d5 4. Bd3 Nbd7 5. Nbd2 c5 6. c3 g6 7. Ne5 Bg7 8. f4 b6 9. 0-0 Bb7 10. b3 0-0 11. Qf3 Rc8 12. Bb2 Rc7 13. Rac1 Ne8 14. Qh3 Nd6 15. c4 Nf6 16. dxc5 bxc5 17. Rcd1 Qe7 18. Ba1 Rcc8 19. Rfe1 Rfd8 20. Qh4 Nf5 21. Bxf5 exf5 22. cxd5 Rxd5 23. Ndc4 Qe6 24. Nf3 Ne4 25. Bxg7 Kxg7 26. Ng5 Nxg5 27. Qxg5 Rxd1 28. Rxd1 Bd5 0-1

[Event "Andorra op 30th"]
[Site "La Massana"]
[Date "2012.07.23"]
[Round "3"]
[White "Comas Fabrego, Luis"]
[Black "Berkovich, Mark A"]
[Result "1-0"]
[WhiteElo "2514"]
[BlackElo "2366"]
[PlyCount "103"]
[EventDate "2012.07.21"]
[EventType "swiss"]
[EventRounds "9"]
[EventCountry "AND"]
[SourceTitle "CBM 149 Extra"]
[Source "ChessBase"]
[SourceDate "2012.08.24"]
[SourceVersion "1"]
[SourceVersionDate "2012.08.24"]
[SourceQuality "1"]

1. e4 e5 2. Nc3 Nf6 3. g3 c6 4. Nge2 d5 5. exd5 cxd5 6. d4 exd4 7. Nxd4 Be7 8. Bg2 0-0 9. 0-0 Nc6 10. Be3 Ng4 11. Nxd5 Nxe3 12. fxe3 Bc5 13. c3 Ne5 14. Qh5 f6 15. Rf4 Bd7 16. Rh4 h6 17. Rf1 Qe8 18. Rxf6 Qxh5 19. Rxf8+ Rxf8 20. Rxh5 Nd3 21. Nf4 Nxf4 22. gxf4 b6 23. Rd5 Bc8 24. b4 Be7 25. a3 Bh4 26. c4 Re8 27. Nf3 Bf6 28. Ne5 Be6 29. Rd4 Bf7 30. Bd5 Bxe5 31. fxe5 Rxe5 32. Bxf7+ Kxf7 33. Rd7+ Kf6 34. Rxa7 Rxe3 35. Ra6 Ke5 36. Kf2 Rh3 37. Kg2 Rc3 38. Rxb6 Rxa3 39. c5 Kd5 40. c6 Kd6 41. b5 Ra7 42. Rb8 Kc7 43. Rg8 Kb6 44. Rb8+ Kc7 45. Re8 Kb6 46. Re5 Ra2+ 47. Kg3 Rc2 48. h3 Rc4 49. Rd5 g6 50. Kf3 Rc3+ 51. Ke4 Rc4+ 52. Kd3 1-0

[Event "ESP-chT CECLUB GpB"]
[Site "Sabadell"]
[Date "2011.09.02"]
[Round "5"]
[White "Comas Fabrego, Luis"]
[Black "Alvarez Pedraza, Aramis"]
[Result "1-0"]
[WhiteElo "2508"]
[BlackElo "2551"]
[PlyCount "135"]
[EventDate "2011.08.29"]
[EventType "team-tourn"]
[EventRounds "5"]
[EventCountry "ESP"]
[SourceTitle "CBM 144 Extra"]
[Source "ChessBase"]
[SourceDate "2011.10.28"]
[SourceVersion "1"]
[SourceVersionDate "2011.10.28"]
[SourceQuality "1"]
[WhiteTeam "Cerdanyola Valles"]
[BlackTeam "Lleida"]
[WhiteTeamCountry "ESP"]
[BlackTeamCountry "ESP"]

1. Nf3 d5 2. c4 c6 3. d4 Nf6 4. Nc3 dxc4 5. a4 Bf5 6. e3 e6 7. Bxc4 Bb4 8. 0-0 Nbd7 9. Qe2 0-0 10. e4 Bg6 11. Bd3 c5 12. e5 cxd4 13. exf6 dxc3 14. fxg7 Kxg7 15. Rd1 Qc7 16. Bxg6 hxg6 17. Qb5 Bd6 18. Qd3 c2 19. Rd2 Ne5 20. Qxd6 Qxd6 21. Rxd6 Rfd8 22. Nxe5 Rxd6 23. Kf1 Rd1+ 24. Ke2 g5 25. b3 Rc8 26. Nd3 Kg6 27. Ne1 f5 28. Nxc2 Rcd8 29. Be3 R1d3 30. Rb1 f4 31. Ne1 R3d5 32. Bxa7 e5 33. f3 Rd2+ 34. Kf1 Rc8 35. h3 Kf5 36. b4 Rcd8 37. Rc1 R8d7 38. Rc2 Rxc2 39. Nxc2 Rd1+ 40. Ke2 Rc1 41. Kd3 Ke6 42. Kc3 Kd5 43. b5 Ke6 44. a5 Kd7 45. a6 Kc7 46. Bc5 bxa6 47. bxa6 Kc6 48. Kd2 Rb1 49. Be7 Rf1 50. Ke2 Rc1 51. Nb4+ Kd7 52. Bxg5 Ra1 53. Kd3 Kd6 54. Kc4 Ra5 55. Be7+ Kd7 56. Bc5 Kc7 57. h4 Ra1 58. Kd5 Rh1 59. Kxe5 Rxh4 60. Nd3 Rh6 61. a7 Kb7 62. Nxf4 Rh8 63. Ne6 Rc8 64. g4 Kc6 65. f4 Kd7 66. f5 Ke8 67. a8Q Rxa8 68. f6 1-0

[Event "Catalunya-chT Honor"]
[Site "Catalunya"]
[Date "2009.03.08"]
[Round "6"]
[White "Comas Fabrego, Luis"]
[Black "Fluvia Poyatos, Jordi"]
[Result "1-0"]
[WhiteElo "2507"]
[BlackElo "2454"]
[PlyCount "91"]
[EventDate "2009.02.01"]
[EventType "team-tourn"]
[EventRounds "9"]
[EventCountry "ESP"]
[SourceTitle "EXT 2019"]
[Source "ChessBase"]
[SourceDate "2018.10.10"]
[SourceVersion "1"]
[SourceVersionDate "2018.10.10"]
[SourceQuality "1"]
[WhiteTeam "Montcada"]
[BlackTeam "Barcelona UGA"]
[WhiteTeamCountry "ESP"]
[BlackTeamCountry "ESP"]

1. d4 Nf6 2. Nf3 g6 3. c3 Bg7 4. Bg5 d5 5. Nbd2 Nbd7 6. e3 0-0 7. Be2 c5 8. Bh4 b6 9. 0-0 Bb7 10. a4 a6 11. h3 Re8 12. Bg3 Bc6 13. b4 c4 14. Ne5 Nxe5 15. Bxe5 b5 16. axb5 axb5 17. Qc2 Bh6 18. Qb2 Qb6 19. Rfe1 Nd7 20. Bh2 f6 21. Bg4 e5 22. Rxa8 Rxa8 23. Bxd7 Bxd7 24. dxe5 Bg7 25. Nf3 Qa6 26. exf6 Bxf6 27. Be5 Bxe5 28. Nxe5 Be6 29. Qd2 Qb6 30. Nf3 Kg7 31. e4 dxe4 32. Rxe4 Bf7 33. Re7 Qf6 34. Rd7 h6 35. Rd6 Qf5 36. Qd4+ Kg8 37. Ne5 Re8 38. Ng4 Kf8 39. Nxh6 Re1+ 40. Kh2 Qe5+ 41. Qxe5 Rxe5 42. Rf6 Kg7 43. Nxf7 Kxf6 44. Nxe5 Kxe5 45. f3 Kf4 46. h4 1-0